Score 0/18 Timer 04:00
1 Play Today
% Correct
Lion
96.8%
Beaver
70.4%
Mouse
68.3%
Eagle
61.8%
Cat
61.7%
Horse
61.6%
Badger
55.4%
Bear
54.8%
Hedgehog
54.4%
% Correct
Donkey
54.1%
Owl
52.1%
Wolf
51.5%
Ape
49.4%
Mole
47.6%
Fox
45.6%
Squirrel
44.8%
Hare
37.9%
Raven
31.1%
Remove Ads.
Support Sporcle.
Get the best of Sporcle when you Go Orange. This ad-free experience offers more features, more stats, and more fun while also helping to support Sporcle. Thank you for becoming a member.

You're not logged in!

Compare scores with friends on all Sporcle quizzes.
OR
Log In

Show Comments

Extras

Top Quizzes Today


Score Distribution

Your Account Isn't Verified!

In order to create a playlist on Sporcle, you need to verify the email address you used during registration. Go to your Sporcle Settings to finish the process.

Report this User

Report this user for behavior that violates our Community Guidelines.

Details: